Take the stand: (Record no. 11022)

000 -LEADER
fixed length control field 00529nam a2200181 a 4500
001 - CONTROL NUMBER
control field :::00008815$&:&@@
003 - CONTROL NUMBER IDENTIFIER
control field OkBaRHE
005 - DATE AND TIME OF LATEST TRANSACTION
control field 20000607103346.0
008 - FIXED-LENGTH DATA ELEMENTS--GENERAL INFORMATION
fixed length control field s1972 j 000 0 eng u
040 ## - CATALOGING SOURCE
Transcribing agency
100 1# - MAIN ENTRY--PERSONAL NAME
Personal name Tull, James E.
245 10 - TITLE STATEMENT
Title Take the stand:
Remainder of title a theology of witnessing.
260 ## - PUBLICATION, DISTRIBUTION, ETC. (IMPRINT)
Place of publication, distribution, etc Nashville, TN., :
Name of publisher, distributor, etc Convention Press
Date of publication, distribution, etc 1972
300 ## - PHYSICAL DESCRIPTION
Extent 138 p.
650 ## - SUBJECT ADDED ENTRY--TOPICAL TERM
Topical term or geographic name as entry element Evangelism
942 ## - ADDED ENTRY ELEMENTS (KOHA)
Source of classification or shelving scheme
Koha item type Books
Copies
Lost status Not for loan Full call number Copy number Source of classification or shelving scheme Permanent Location Barcode Koha item type Damaged status Withdrawn status Price effective from Date last seen Shelving location Date acquired
  BV 3795 .T81 RHEMA Bible Training College8815Books  2010-04-142010-04-14General Stacks2010-04-14